Passejades guiades :
Publicado:
Barcelona :
Diputació de Barcelona. Àrea d'Espais Naturals : Xarxa de Parcs Naturals ,
2008
Descripción Física:
Fulletons : il·lustracions ; 21 cm
Colección:
Itineraris guiats
Materias:
Parc del Montnegre i el Corredor (Catalunya) -- Guies
; Parc del Montnegre i el Corredor (Catalunya) -- Circuits turístics
; Parc del Montnegre i el Corredor (Catalunya)
; Montnegre (Catalunya : Massís)
; Fulletons
Idioma:
Catalán
MARC
| LEADER | 00000nam a2200000Ia 4500 | ||
|---|---|---|---|
| 001 | 21660, 21711, 22675, 23196, 23441, 23955, 23885, 25745, 26114, 26344, 28396 | ||
| 003 | Arxiu | ||
| 005 | 20260324181511.0 | ||
| 008 | 160829c2008 spca xx s cat c 000 0 cat d | ||
| 017 | |a B 2764-2020 | ||
| 017 | |a B 4420-2017 | ||
| 017 | |a B 5455-2016 | ||
| 017 | |a B 2826-2019 | ||
| 017 | |a B 3669-2018 | ||
| 017 | |a B 9893-2023 | ||
| 040 | |a AGDB |b cat | ||
| 041 | |a cat | ||
| 080 | |a FU-41-45, FU-43-46, FU-56-35, FU-59-53, FU-61-29, FU-62-104, FU-62-61 | ||
| 080 | |a FU-68-36 | ||
| 080 | |a FU-69-45 | ||
| 080 | |a FU-70-10 | ||
| 080 | |a FU-71-39 | ||
| 080 | |a FU-72-25 | ||
| 110 | 1 | |a Barcelona (Catalunya : Província). |9 7250 |b Xarxa de Parcs Naturals | |
| 245 | 1 | 0 | |a Passejades guiades : |c Parc del Montnegre i el Corredor |
| 246 | |a Passejades guiades : |b descobreix l'encant del Montnegre i el Corredor | ||
| 246 | |a Passejades guiades : |b Coneguem el nostre patrimoni natural | ||
| 260 | |a Barcelona : |b Diputació de Barcelona. Àrea d'Espais Naturals : |b Xarxa de Parcs Naturals ; |c 2008- | ||
| 300 | |a Fulletons : |b il·lustracions ; |c 21 cm | ||
| 490 | 1 | |a Itineraris guiats | |
| 590 | |a Inclou el mapa amb els punts de trobada | ||
| 610 | 2 | 0 | |a Parc del Montnegre i el Corredor (Catalunya) |v Guies |9 52679 |
| 610 | 2 | 0 | |9 52714 |a Parc del Montnegre i el Corredor (Catalunya) |x Circuits turístics |
| 610 | 0 | |9 10204 |a Parc del Montnegre i el Corredor (Catalunya) | |
| 651 | 0 | |a Montnegre (Catalunya : Massís) |9 51015 | |
| 655 | 0 | |9 55858 |a Fulletons | |
| 710 | 1 | |a Barcelona (Catalunya : Província). |b Gerència de Serveis d’Espais Naturals |9 52730 | |
| 830 | 0 | |9 55838 |a Itineraris guiats | |
| 866 | |a 2008-2020 | ||
| 866 | |a 2023 | ||
| 901 | |a Arxiu | ||
| 942 | |2 udc |n 1 |c ARXIU | ||
| 952 | |0 0 |1 0 |4 0 |7 1 |9 55104 |a Arxiu |b Arxiu |d 2023-04-05 |h 2010 |o FU-56-35 |p 22675 |r 2016-12-01 00:00:00 |w 2016-12-01 |y ARXIU | ||
| 952 | |0 0 |1 0 |4 0 |6 FU6836 |7 1 |9 61443 |a Arxiu |b Arxiu |d 2022-05-02 |h 2020 |o FU-68-36 |p 25367 |r 2022-05-02 00:00:00 |w 2022-05-02 |y ARXIU | ||
| 952 | |0 0 |1 0 |4 0 |6 FU6945 |7 1 |9 61779 |a Arxiu |b Arxiu |d 2022-05-18 |h 2017 |o FU-69-45 |p 25561 |r 2022-05-18 00:00:00 |w 2022-05-18 |y ARXIU | ||
| 952 | |0 0 |1 0 |4 0 |6 FU6992 |7 1 |9 62104 |a Arxiu |b Arxiu |d 2022-05-30 |h 2015 |o FU-69-92 |p 25712 |r 2022-05-30 00:00:00 |w 2022-05-30 |y ARXIU | ||
| 952 | |0 0 |1 0 |4 0 |6 FU7010 |7 1 |9 62135 |a Arxiu |b Arxiu |d 2022-06-01 |h 2016 |o FU-70-10 |p 25745 |r 2022-06-01 00:00:00 |w 2022-06-01 |y ARXIU | ||
| 952 | |0 0 |1 0 |4 0 |6 PDL |7 1 |9 62510 |a Arxiu |b Arxiu |d 2022-06-22 |h 2017 |l 0 |o PDL |p 26040 |r 2022-06-22 00:00:00 |w 2022-06-22 |y ARXIU | ||
| 952 | |0 0 |1 0 |4 0 |7 1 |9 62602 |a Arxiu |b Arxiu |d 2022-07-01 |h 2019 |o FU-71-39 |p 26114 |r 2022-07-01 00:00:00 |w 2022-07-01 |y ARXIU | ||
| 952 | |0 0 |1 0 |4 0 |7 1 |9 63186 |a Arxiu |b Arxiu |d 2022-07-26 |h 2018 |o FU-72-25 |p 26344 |r 2022-07-26 00:00:00 |w 2022-07-26 |y ARXIU | ||
| 952 | |0 0 |1 0 |4 0 |6 FU6129 |7 1 |9 65382 |a Arxiu |b Arxiu |d 2023-02-28 |h 2012 |l 0 |o FU-61-29 |p 23441 |r 2023-02-28 00:00:00 |w 2023-02-28 |y ARXIU | ||
| 952 | |0 0 |1 0 |4 0 |6 FU62104 |7 1 |9 65408 |a Arxiu |b Arxiu |d 2023-03-01 |h 2013 |l 0 |o FU-62-104 |p 23955 |r 2023-03-01 00:00:00 |w 2023-03-01 |y ARXIU | ||
| 952 | |0 0 |1 0 |4 0 |6 FU6261 |7 1 |9 65411 |a Arxiu |b Arxiu |d 2023-03-01 |h 2014 |l 0 |o FU-62-61 |p 23885 |r 2023-03-01 00:00:00 |w 2023-03-01 |y ARXIU | ||
| 952 | |0 0 |1 0 |4 0 |7 1 |9 65421 |a Arxiu |b Arxiu |d 2023-03-01 |h 2011 |o FU-59-53 |p 23196 |r 2023-03-01 00:00:00 |w 2023-03-01 |y ARXIU | ||
| 952 | |0 0 |1 0 |4 0 |6 FU4145 |7 1 |9 65979 |a Arxiu |b Arxiu |d 2023-04-05 |h 2008 |l 0 |o FU-41-45 |p 21660 |r 2023-04-05 00:00:00 |w 2023-04-05 |y ARXIU | ||
| 952 | |0 0 |1 0 |4 0 |6 FU4346 |7 1 |9 65995 |a Arxiu |b Arxiu |d 2023-04-05 |h 2009 |l 0 |o FU-43-46 |p 21711 |r 2023-04-05 00:00:00 |w 2023-04-05 |y ARXIU | ||
| 952 | |0 0 |1 0 |4 0 |6 FU7644 |7 1 |9 96768 |a Arxiu |b Arxiu |d 2024-02-29 |h 2023 |l 0 |o FU-76-44 |p 28396 |r 2024-02-29 00:00:00 |w 2024-02-29 |y ARXIU | ||
| 999 | |c 58976 |d 58976 | ||